000 00507nam a2200181Ia 4500
003 OSt
005 20201120125319.0
008 190216s9999||||xx |||||||||||||| ||und||
020 _a8171303226
040 _coclc
082 _a894.8123
_bPIL/P
100 _aPillai, M P Narayana
_96822
245 0 _aParinaamam /
_cM P Narayana Pillai
260 _bDc Books,
_c1989.
_aKottayam:
300 _a432p
650 _aBalasahithyam
942 _cBK
_2ddc
_h894.8123
_iPIL/P
_k894.8123
_mPIL/P
999 _c27313
_d27313